000
00303nam a22001337a 4500
999
_c
15368
_d
15368
020
_a
9788184231175
082
_a
894.812 3
_b
BEN/AA
100
_a
Benyamin
_9
3043
245
_a
Aatujeevitham
260
_a
Thrissur
_b
Green Books
_c
2017
300
_a
208
650
_a
Malayalam Fiction
_9
3040
942
_c
BK